| 000 | 00793 a2200157 4500 | ||
|---|---|---|---|
| 003 | Nust | ||
| 005 | 20230227131558.0 | ||
| 040 | _cNust | ||
| 082 | _a170,SAM | ||
| 100 |
_aViscount Samuel _9109600 |
||
| 245 |
_aPractical Ethics / _cViscount Samuel |
||
| 260 |
_aNew yourk _bOxford university _c1945 |
||
| 300 | _a255,p; | ||
| 505 | _aPreliminary (Page-7),The Test of Right and Wrong (Page-19), Self and Others (Page-43), Is there Free Will (Page-56), Duty and Inclination (Page-77), Training and Habit (Page-93), Religious Influence (Page-101), Rewards and Penalties (Page-113), Some Current Questions (Page-129), Social Ethics (Page-129), Some Current Questions (Page-139), The Nation and the World (Page-162), Men and Animals (Page-186), Conscious Evolution (Page-200). | ||
| 942 |
_2ddc _cBK |
||
| 999 |
_c193806 _d193806 |
||